Central Library OPAC University of Rajshahi

Joyce, the man, the work, the reputation / (Record no. 54584)

MARC details
000 -LEADER
fixed length control field 00821nam a2200253 a 4500
001 - CONTROL NUMBER
control field 54584
003 - CONTROL NUMBER IDENTIFIER
rucl marc code BD-RjUL
005 - DATE AND TIME OF LATEST TRANSACTION
control field 20211209080136.0
008 - FIXED-LENGTH DATA ELEMENTS--GENERAL INFORMATION
fixed length control field 161108s1957 enk b 001 0 eng
020 ## - INTERNATIONAL STANDARD BOOK NUMBER
International Standard Book Number 0313212589
035 ## - SYSTEM CONTROL NUMBER
System control number (BD-RjUL)54706
040 ## - CATALOGING SOURCE
Original cataloging agency DLC
Transcribing agency DLC
Modifying agency DLC
-- BD-RjUL
Language of cataloging eng
041 ## - LANGUAGE CODE
Language code of text/sound track or separate title eng
082 00 - DEWEY DECIMAL CLASSIFICATION NUMBER
Classification number 823.912
Edition number 23
Author mark and year MAJ 1957
100 1# - MAIN ENTRY--PERSONAL NAME
Personal name Magalaner, Marvin
9 (RLIN) 162807
245 10 - TITLE STATEMENT
Title Joyce, the man, the work, the reputation /
Statement of responsibility, etc. Marvin Magalaner and Richard M. Kain.
260 ## - PUBLICATION, DISTRIBUTION, ETC. (IMPRINT)
Place of publication, distribution, etc. London :
Name of publisher, distributor, etc. John calder,
Date of publication, distribution, etc. 1957 c1956.
300 ## - PHYSICAL DESCRIPTION
Pagination xi, 377 p. ;
Size 24 cm.
500 ## - GENERAL NOTE
General note
504 ## - BIBLIOGRAPHY, ETC. NOTE
Bibliography, etc Includes Bibliography and index
600 10 - SUBJECT ADDED ENTRY--PERSONAL NAME
Personal name Joyce, James,
Dates associated with a name 1882-1941
General subdivision Criticism and interpretation.
700 1# - ADDED ENTRY--PERSONAL NAME
Personal name Kain, Richard M.
Fuller form of name (Richard Morgan),
Dates associated with a name 1908-1990,
Relator term joint author.
942 ## - ADDED ENTRY ELEMENTS (KOHA)
Source of classification or shelving scheme Dewey Decimal Classification
Koha item type Books
Holdings
Lost status Source of classification or shelving scheme Damaged status Not for loan Collection code Permanent Location Current Location Shelving location Date acquired Source of acquisition Cost, normal purchase price Total Checkouts Full call number Date last seen Copy number Koha item type
  Dewey Decimal Classification     Fiction Central Library, University of Rajshahi Central Library, University of Rajshahi   04/04/1964 Zeitlinger 30.00   823.912 MAJ 1957 08/11/2016 C-2 Books